000 00413nam a2200181Ia 4500
005 20240823033416.0
008 240823s9999||||xx |||||||||||||| ||und||
041 _aENGLISH
082 _A582.16 Q2
100 _aNarayanan R S
245 0 _aVazhvu Tharum Marangal
250 _a2nd
260 _c2012
_bThamarai Publica
500 _aYES
650 _aTamil Books
_bGeneral
942 _cBK
999 _c195742
_d195742